Principles and applications of rheology /

Guardado en:
Autor Principal: Fredrickson, Arnold G. 1932-
Formato: Libro
Idioma:English
Publicado: Englewood Cliffs, N.J. : Prentice-Hall, c1964.
Series:Prentice-Hall international series in the physical and chemical engineering sciences
Materias:
Etiquetas: Agregar Etiqueta
Sin Etiquetas, Sea el primero en etiquetar este registro!
LEADER 00811cam a22002055a 4500
001 EIQ.libpla000419
008 840117s1964####njua#####b####001#0#eng#d
005 20060516150815.0
245 1 0 |a Principles and applications of rheology /  |c Arnold G. Fredrickson. 
260 |a Englewood Cliffs, N.J. :  |b Prentice-Hall,  |c c1964. 
300 |a x, 326 p. :  |b il. ;  |c 24 cm. 
440 0 |a Prentice-Hall international series in the physical and chemical engineering sciences 
504 |a Incluye referencias bibliográficas e índice. 
100 1 |a Fredrickson, Arnold G.  |q (Arnold Gerhard),  |d 1932- 
082 0 0 |a 531.382 
650 4 |a Reología  |x Teoría y aplicaciones. 
650 4 |a Rheology  |x Theory and applications. 
010 |a  64012093  
040 |a DLC/ICU  |c ICU  |d AR-BbSID 
859 |a AR-BbSID  |b BIB. PLAPIQUI  |h 532.053  |i F 874  |p 726